| 000 | 00747nam a22002417a 4500 | ||
|---|---|---|---|
| 999 |
_c172985 _d172985 |
||
| 005 | 20200302123152.0 | ||
| 010 | _aENG-127850 | ||
| 020 |
_c130.00 _a9788181803948 |
||
| 035 | _aEN-111382 | ||
| 037 | _bDBAD/PUB | ||
| 082 | _a382 | ||
| 100 | _aRudra Saibaba | ||
| 245 |
_aB.Com First year SemII Foreign Trades/ _cS.Limba Goud...[et al.] ; edited by Rudra Saibaba[and] R. Vasudeva Reddy |
||
| 260 |
_aHyderabad _c2017 _bTelugu Akademi |
||
| 270 |
_aTelugu Akademi Himayatnagar Hyderabad _e500029 _bHyderabad _minfo@teluguacademy.net |
||
| 300 |
_a326p. _b25cm(pbk) |
||
| 700 | _aGoud,S.Limba | ||
| 700 | _aRao,D.Babu | ||
| 700 | _aV.Rana Pratap | ||
| 700 | _aRudra Saibaba | ||
| 700 | _aReddy,R.Vasudeva | ||
| 942 |
_2ddc _cEN _hRUD _k382 |
||